Sledovanie vplyvu katalyzátora na krakovanie odpadných automobilových plastov

Enregistré dans:
Détails bibliographiques
Auteur principal: Machovičová, Lucia (Auteur)
Autres auteurs: Vasilkovová, Božena (Directeur de thèse)
Format: Manuscrit Livre
Langue:slovaque
Publié: 2024
Sujets:
Accès en ligne:http://is.stuba.sk/zp/portal_zp.pl?podrobnosti=176553
Tags: Ajouter un tag
Pas de tags, Soyez le premier à ajouter un tag!

MARC

LEADER 00000ntm a22000003a 4500
001 stuzp99173
003 SK-STU
005 20240601210510.8
007 ta
008 150427s2015----xo-----f-mn---000-0-slo-d
040 |a STU  |b slo 
041 0 |a slo 
100 1 |a Machovičová, Lucia  |u 048130  |4 aut  |U FCHPT Ústav organickej chémie, katalýzy a petrochémie  |T FCHPT Oddelenie organickej technológie, katalýzy a ropy  |X 106452  |U C8130  |Y 123  |7 106452 
242 0 1 |a Observation of the catalyst effect on the cracking of automotive plastic wastes  |y eng 
245 1 0 |a Sledovanie vplyvu katalyzátora na krakovanie odpadných automobilových plastov 
260 |c 2024 
650 4 |a čistý polypropylén  |2 slo 
650 4 |a termické krakovanie  |2 slo 
650 4 |a katalytické krakovanie  |2 slo 
650 4 |a klinoptilolit  |2 slo 
650 4 |a odpadový polypropylén  |2 slo 
650 4 |a clinoptilolite  |2 eng 
650 4 |a pure polypropylene  |2 eng 
650 4 |a waste polypropylene  |2 eng 
650 4 |a thermal cracking  |2 eng 
650 4 |a catalytic cracking  |2 eng 
700 1 |a Vasilkovová, Božena  |u 048130  |k Z1  |4 ths  |U FCHPT Ústav organickej chémie, katalýzy a petrochémie  |T FCHPT Oddelenie organickej technológie, katalýzy a ropy  |X 10122  |U C8130  |Y 123  |7 A000010122 
856 4 |u http://is.stuba.sk/zp/portal_zp.pl?podrobnosti=176553